A menina que sorria a dormir (Record no. 45350)

MARC details
000 -Etiqueta do registo
Valores 00771nam a2200253 4500
010 ## - Número ISBN
ISBN 9789895553112
021 ## - Número do Depósito Legal
Número 408734/16
100 ## - Dados gerais de processamento
Dados gerais 20161130d2016 c y0pory50030103ba
101 0# - Língua de publicação
Língua por
102 ## - País de publicação
País PT
200 1# - Titulo e menção de responsabilidade
Título próprio A menina que sorria a dormir
Primeira menção de responsabilidade Isabel Zambujal
Outras menções de responsabilidade il. Helena Nogueira
205 ## - Menção da edição
Edição 10.ª ed.
210 #9 - Publicação
Local de publicação Alfragide
Nome do editor Oficina do Livro,
Data de publicação 2016
215 ## - Descrição física 
Paginação / Volumes 43, [2] p.
Outras indicações físicas il.
Dimensões 25 cm
675 ## - CDU
Notação 087.5
Edição BN
Língua por
675 ## - CDU
Notação 821.134.3-93"20"
Edição BN
Língua por
675 ## - CDU
Notação 821.134.3-34"20"
Edição BN
Língua por
700 #1 - Autor principal
Apelido Zambujal,
Nome Isabel,
Datas 1965-
702 #1 - Autor secundário
ID Autoridade 2
Apelido Nogueira,
Nome Helena
Função 440
801 #0 - Fonte de origem
País PT
Agência BN
Regras de catalogação RPC
856 41 - Localização e acesso electrónico 
URL <a href="http://rnod.bnportugal.gov.pt/ImagesBN/winlibimg.aspx?skey=&doc=1949826&img=85666&save=true">http://rnod.bnportugal.gov.pt/ImagesBN/winlibimg.aspx?skey=&doc=1949826&img=85666&save=true</a>
990 ## - Elementos KOHA
Tipo de documento Livro
Holdings
Aquisição Empréstimo Código de barras Cota Permissão de empréstimo Tipo de documento
Biblioteca Municipal de Redondo Biblioteca Municipal de Redondo 056108 82-93 ZAM   Livro

Powered by Koha